Why does my heart pump? (Record no. 190573)

MARC details
000 -LÍDER
campo de controle de tamanho fixo 00343 a2200157 4500
001 - NÚMERO DE CONTROLE
campo de controle 190573
020 ## - ISBN - INTERNATIONAL STANDARD BOOK NUMBER
ISBN - International Standard Book Number 978-0-521-13742-3
040 ## - FONTE DA CATALOGAÇÃO
Instituição que transcreveu o registro Magnum
100 ## - ENTRADA PRINCIPAL--NOME PESSOAL
Nome pessoal Bethune, Helen
240 10 - TÍTULO UNIFORME
Título uniforme Why does my heart pump?
Idioma da obra ING
245 10 - TÍTULO
Título Why does my heart pump?
300 ## - DESCRIÇÃO FÍSICA
Extensão 24
362 0# - DATAS DE PUBLICAÇÃO E/OU DESIGNAÇÃO SEQUENCIAL
Datas de publicação e/ou designação sequencial 2010
697 ## - ENTRADA DE ASSUNTO LOCAL--ENTIDADE COLETIVA (RLIN)
Nome corporativo ou nome da jurisdição LITERATURA INGLESA
942 ## - ELEMENTOS DE ENTRADA ADICIONADOS (KOHA)
Tipo de material Koha Livros
Holdings
Situação do descarte Situação das perdas Situação física Não pode ser emprestado Biblioteca de origem Biblioteca atual Data de aquisição Total de empréstimos Número de chamada completo Código de barras Data de último acesso Data do preço efetivo Tipo de material Koha
        Magnum Magnum 08/06/2024   890.1.330 MAG00067350 08/06/2024 08/06/2024 Livros
        Magnum Magnum 08/06/2024   890.1.330 MAG00067351 08/06/2024 08/06/2024 Livros